|
|
|
|
| LEADER |
00000nas a2200000 a 4500 |
| 001 |
ssj0000490981 |
| 003 |
WaSeSS |
| 005 |
20200512172242.0 |
| 006 |
m d |
| 007 |
cr n |
| 008 |
101026c20009999enkqr p s 0 a0eng |
| 010 |
|
|
|a 2010202563
|
| 015 |
|
|
|a GBB679664
|2 bnb
|
| 016 |
7 |
|
|a 017714259
|2 Uk
|
| 022 |
|
|
|a 2158-1606
|y 1598-0316
|
| 035 |
|
|
|a (WaSeSS)ssj0000490981
|
| 037 |
|
|
|b T & F Informa UK Ltd., Sheepen Place, Colchester, Essex CO3 3LP, UK
|c $280.00 (print & online, per yr.)
|c $266.00 (online only, per yr.)
|
| 040 |
|
|
|a DLC
|b eng
|c DLC
|d TXA
|d DLC
|d UKBOL
|d OCLCF
|d AU@
|d OCLCQ
|d NLE
|d UKMGB
|d VT2
|d DLC
|d WaSeSS
|
| 042 |
|
|
|a pcc
|a nsdp
|
| 050 |
0 |
0 |
|a TK5103.5
|
| 082 |
1 |
0 |
|a 004
|2 15
|
| 130 |
0 |
|
|a Journal of information display (Online)
|
| 210 |
0 |
|
|a J. inf. disp.
|b (Online)
|
| 222 |
|
0 |
|a Journal of information display
|b (Online)
|
| 245 |
1 |
0 |
|a Journal of information display
|h [electronic resource].
|
| 246 |
1 |
|
|a JID
|
| 260 |
|
|
|3 2000-2010 :
|a [Seoul, Korea] :
|b Korean Information Display Society
|
| 260 |
3 |
|
|3 2011- :
|a [Abingdon, Oxfordshire, UK] :
|b Taylor & Francis
|
| 310 |
|
|
|a Quarterly
|
| 362 |
1 |
|
|a Print began with vol. 1, no .1 (Dec. 2000)?
|
| 506 |
|
|
|a License restrictions may limit access.
|
| 538 |
|
|
|a Mode of access: World Wide Web.
|
| 550 |
|
|
|a Official journal of the Korean Information Display Siciety.
|
| 588 |
|
|
|a Description based on: Vol. 2, no .1 (Mar. 2001); title from PDF article running title (Taylor & Francis, viewed Sept. 25, 2012).
|
| 588 |
|
|
|a Latest issue consulted: Vol. 20, issue 1 (2019); (Taylor & Francis Online, viewed Apr. 29, 2019).
|
| 650 |
|
0 |
|a Information display systems
|v Periodicals.
|
| 650 |
|
7 |
|a Information display systems.
|2 fast
|0 (OCoLC)fst00972541
|
| 653 |
|
|
|a Applied sciences
|
| 655 |
|
0 |
|a Electronic journals.
|
| 710 |
2 |
|
|a Han'guk Chŏngbo Tisŭp'ŭllei Hakhoe.
|
| 776 |
0 |
8 |
|i Print version:
|t Journal of Information Display
|x 1598-0316
|w (DLC) 2011211830
|w (OCoLC)245505506
|
| 850 |
|
|
|a DLC
|
| 856 |
4 |
0 |
|z Full text available from Research Library: 12/01/2018 to present
|u https://search.proquest.com/publication/3933134
|